00418nam a2200157Ia 4500003000400000005001700004008004000021020001800061040000700079041000800086082001700094100002800111245005900139260004600198300001600244OSt20250724164309.0210210b2016 xxu||||| |||| 00| 0 eng d a9780199469321 cAL aeng a658.023 BHAC aAsish K Bhattacharya Ed aCorporate governance in Indiab: change and continuity aNew DelhibOxford University Pressc2016 axxviii,309p